000 00803nam a2200241Ia 4500
003 OSt
005 20221002044422.0
006 a|||||r|||| 00| 0
007 ta
008 220930b |||||||| |||| 00| 0 eng d
020 _a8182201918
_c3500
024 _a85468
037 _bKKP/2497/06-07, 30/03/2007, K K Publications
_cReference Collections
040 _aCRL
_cCRL
_beng
041 _2eng
_aeng
082 _aO168k, P7.1-.2(RR)
100 _aAbida Samiuddin Ed.
_9103848
245 0 _aEncyclopeadic dictionary of Urdu literature
260 _aNew Delhi
_bGlobal Vision Publishing
_c2007
650 _aENGLISH LITERATURE
942 _hO168k, P7.1-.2(RR)
_cref
_2CC
999 _c910301
_d910301